Ιδεολογικά ρεύματα, πολιτικά κόμματα και εκπαιδευτική μεταρρύθμιση (1950-65) : ο "λόγος" για την τεχνική-επαγγελματική εκπαίδευση και ανάπτυξη
Saved in:
| Main Author: | |
|---|---|
| Other Authors: | |
| Format: | Book |
| Language: | Greek |
| Published: |
Αθήνα :
Gutenberg,
2002.
|
| Series: | Τεκμήρια-Μελέτες ιστορίας νεοελληνικής εκπαίδευσης ;
v.13 |
| Subjects: | |
| Tags: |
Add Tag
No Tags, Be the first to tag this record!
|
MARC
| LEADER | 00000cam a2200000 i 4500 | ||
|---|---|---|---|
| 001 | 1/46540 | ||
| 008 | 040112s2002 gr | ||| |||| ||gre|| | ||
| 020 | |a 9600109338 | ||
| 035 | |l 10071918 | ||
| 040 | |a GR-MY-UA |b gre |e aacr | ||
| 041 | 0 | |a gre | |
| 082 | 7 | |a 370.9495 |2 (22) | |
| 100 | 0 | |a Προβατά, Ανθή Κ. | |
| 245 | 1 | 0 | |a Ιδεολογικά ρεύματα, πολιτικά κόμματα και εκπαιδευτική μεταρρύθμιση (1950-65) : |b ο "λόγος" για την τεχνική-επαγγελματική εκπαίδευση και ανάπτυξη / |c Ανθή Κ. Προβατά ; πρόλογος: Ανδρέας Καζαμίας. |
| 260 | |a Αθήνα : |b Gutenberg, |c 2002. | ||
| 300 | |a 239 σ. ; |c 24 εκ. | ||
| 490 | 1 | |a (Τεκμήρια-μελέτες ιστορίας νεοελληνικής εκπαίδευσης ; |v vol.13) | |
| 650 | 0 | 0 | |a Educational change |z Greece |y 20th century. |
| 650 | 0 | 0 | |a Education |z Greece |x History |y 20th century. |
| 700 | 1 | |a Καζαμίας, Ανδρέας Μ. |e aui | |
| 830 | 0 | |a Τεκμήρια-Μελέτες ιστορίας νεοελληνικής εκπαίδευσης ; |v v.13 | |
| 852 | |a INST |b RHODES |e 20040525 |h 370.9495 ΠΡΟ |p 005400019001 |q 005400019001 |t BK |y 0 | ||
| 852 | |a INST |b RHODES |e 20040112 |h 370.9495 ΠΡΟ |p 005400019699 |q 005400019699 |t BK |y 0 | ||
| 901 | |a BIBL4-2004-1 | ||
| 922 | |a 4ΕΛΗ |b 200310 |c ΕΠΕΑΕΚ2/ΤΕΠΑΕΣ |d ΜΙΧΑΛΟΠΟΥΛΟΣ | ||
| 970 | |a ΚΟΥΛΑΚΙΟΤΗ |b ΛΙΤΣΑ |z 2004/02/16 | ||